Statistics for US States With The Most Argentines

Click here to take the quiz!

General Stats

  • This quiz has been taken 29 times
  • The average score is 8 of 10

Answer Stats

# of ArgentinesState% Correct
44California
96%
57Florida
96%
25New York
96%
14Texas
96%
5Illinois
93%
14New Jersey
93%
4Pennsylvania
78%
6Virginia
78%
5Maryland
70%
5Utah
41%

Score Distribution

Percentile by Number Answered

Percent of People with Each Score

Your Score History

You have not taken this quiz